[Event "26th Klatovy B 2018"]
[Site "Klatovy CZE"]
[Date "2018.07.05"]
[Round "6.72"]
[White "Bukvaj, Jan"]
[Black "Souralova, Alena"]
[Result "1-0"]
[WhiteElo "1051"]
[BlackElo "1000"]
[PlyCount "67"]
[EventDate "2018.06.30"]
[EventType "swiss"]
[EventRounds "9"]
[EventCountry "CZE"]

1. e4 e5 2. Nf3 Nc6 3. Bc4 Bc5 4. c3 Nf6 5. d4 d6 6. dxc5 dxc5 7. Qxd8+ Nxd8 8. Nxe5 O-O 9. f3 Be6 10. Bxe6 Nxe6 11. Bd2 a6 12. O-O b5 13. c4 h6 14. cxb5 axb5 15. Nc3 Rab8 16. Nc6 Rb7 17. Ne7+ Kh7 18. Ned5 b4 19. Nxf6+ Kh8 20. Ng4 Kg8 21. Ne2 Nd4 22. Nxd4 cxd4 23. a3 bxa3 24. bxa3 d3 25. Bb4 Rbb8 26. Bxf8 Rxf8 27. Rfd1 Rd8 28. a4 c5 29. Rac1 Rd4 30. Rxc5 g6 31. a5 Ra4 32. Rxd3 f6 33. Rd7 Kf8 34. Rc8# 1-0

[Event "26th Klatovy B 2018"]
[Site "Klatovy CZE"]
[Date "2018.07.06"]
[Round "7.1"]
[White "Kastner, Jan"]
[Black "Finek, Vaclav"]
[Result "1/2-1/2"]
[WhiteElo "1930"]
[BlackElo "1763"]
[PlyCount "90"]
[EventDate "2018.06.30"]
[EventType "swiss"]
[EventRounds "9"]
[EventCountry "CZE"]

1. d4 d5 2. Nf3 Nf6 3. Bf4 e6 4. e3 Bd6 5. Bg5 h6 6. Bh4 O-O 7. Nbd2 b6 8. c3 c5 9. Ne5 Nbd7 10. f4 Qc7 11. Bd3 a5 12. Qe2 Qa7 13. Nc6 Qc7 14. Ne5 Qa7 15. g4 Ba6 16. Rg1 Bxe5 17. fxe5 Ne4 18. Nxe4 dxe4 19. Bxa6 Qxa6 20. Qxa6 Rxa6 21. g5 Kh7 22. gxh6 gxh6 23. Ke2 Raa8 24. Raf1 Rae8 25. Rg4 b5 26. Rxe4 c4 27. Rg4 Nb6 28. e4 Na4 29. Rfg1 Rg8 30. Rxg8 Rxg8 31. Rxg8 Kxg8 32. d5 Kf8 33. Bd8 Nxb2 34. Bxa5 Nd3 35. Ke3 Nxe5 36. Kd4 Nd7 37. d6 Ke8 38. h4 f6 39. Bb4 f5 40. exf5 exf5 41. h5 f4 42. Ke4 Nf6+ 43. Kxf4 Nd5+ 44. Ke4 Nxb4 45. cxb4 Kd7 1/2-1/2

[Event "26th Klatovy B 2018"]
[Site "Klatovy CZE"]
[Date "2018.07.06"]
[Round "7.2"]
[White "Masek, Jan"]
[Black "Zidu, Jan"]
[Result "0-1"]
[WhiteElo "1948"]
[BlackElo "1913"]
[PlyCount "84"]
[EventDate "2018.06.30"]
[EventType "swiss"]
[EventRounds "9"]
[EventCountry "CZE"]

1. e4 c5 2. Bc4 Nc6 3. Nf3 e6 4. Qe2 a6 5. c3 Nge7 6. d3 d5 7. Bb3 b5 8. Bc2 Ng6 9. O-O Be7 10. d4 cxd4 11. Nxd4 Nxd4 12. cxd4 dxe4 13. Bxe4 Rb8 14. Be3 O-O 15. Nc3 Bb7 16. Bxb7 Rxb7 17. a4 Qd7 18. axb5 axb5 19. Rfd1 b4 20. Ne4 Qb5 21. Kf1 Rd8 22. Nc5 Qxe2+ 23. Kxe2 Rb5 24. g3 h6 25. f4 Bf6 26. Ne4 Ne7 27. Nxf6+ gxf6 28. Rac1 f5 29. Rc5 Rb7 30. Ra1 b3 31. Raa5 Nd5 32. Rab5 Rdd7 33. Bd2 Nf6 34. Kd3 Ne4 35. Rc8+ Kg7 36. Rxb7 Rxb7 37. Bc3 f6 38. Rc4 Kg6 39. Bb4 Kh5 40. Be1 Kg4 41. Rc6 Rd7 42. Rxe6 Nc5+ 0-1

[Event "26th Klatovy B 2018"]
[Site "Klatovy CZE"]
[Date "2018.07.06"]
[Round "7.3"]
[White "Hartmann, Andreas 1969"]
[Black "Kanka, Matej 2000"]
[Result "1-0"]
[WhiteElo "1847"]
[BlackElo "1905"]
[PlyCount "71"]
[EventDate "2018.06.30"]
[EventType "swiss"]
[EventRounds "9"]
[EventCountry "CZE"]

1. c4 f5 2. g3 Nf6 3. Bg2 d6 4. Nc3 c6 5. d4 g6 6. Nf3 Bg7 7. O-O O-O 8. d5 e5 9. Bg5 h6 10. Bxf6 Qxf6 11. Nd2 e4 12. e3 Nd7 13. f3 exf3 14. Nxf3 c5 15. Rb1 Re8 16. Qd3 Ne5 17. Nxe5 Qxe5 18. Rbe1 Bd7 19. Bh3 Re7 20. Rf2 Qf6 21. Kh1 a6 22. a3 Rb8 23. Qf1 Qg5 24. Nd1 b5 25. Bg2 bxc4 26. Qxc4 Bb5 27. Qc2 Bd4 28. Rf3 Rbe8 29. b3 Bxe3 30. a4 Bd7 31. h4 Qg4 32. Rexe3 Rxe3 33. Nxe3 Qd4 34. Nf1 Qxd5 35. Rd3 Qe5 36. Qc4+ 1-0

[Event "26th Klatovy B 2018"]
[Site "Klatovy CZE"]
[Date "2018.07.06"]
[Round "7.5"]
[White "Novotny, David"]
[Black "Simacek, Vaclav"]
[Result "1-0"]
[WhiteElo "1715"]
[BlackElo "1868"]
[PlyCount "83"]
[EventDate "2018.06.30"]
[EventType "swiss"]
[EventRounds "9"]
[EventCountry "CZE"]

1. d4 Nf6 2. c4 d5 3. cxd5 Qxd5 4. Nc3 Qd6 5. e4 e5 6. dxe5 Qxe5 7. Nf3 Qa5 8. Bd2 Qb6 9. Qc2 Ng4 10. Bb5+ Bd7 11. Bxd7+ Nxd7 12. O-O Bd6 13. h3 Nge5 14. Nxe5 Bxe5 15. Nd5 Qc5 16. Qb3 c6 17. Rac1 Qd6 18. Qxb7 O-O 19. Rxc6 Rab8 20. Qa6 Bh2+ 21. Kh1 Qe5 22. Re1 Qxb2 23. Bc3 Qxf2 24. Kxh2 Rfd8 25. Ne7+ Kf8 26. Qa3 Re8 27. Nf5+ Kg8 28. Qd6 Rbd8 29. Qg3 Qxg3+ 30. Kxg3 Nb6 31. Nxg7 Rd3+ 32. Kf2 Rxc3 33. Rxc3 Kxg7 34. Rc7 a5 35. Rb1 Re6 36. Kf3 Kg6 37. Rb5 a4 38. Rf5 f6 39. Rfc5 Rd6 40. R7c6 Rd3+ 41. Ke2 Rg3 42. Kf2 1-0

[Event "26th Klatovy B 2018"]
[Site "Klatovy CZE"]
[Date "2018.07.06"]
[Round "7.6"]
[White "Schille, Hannes"]
[Black "Hosnedl, Matyas"]
[Result "0-1"]
[WhiteElo "1750"]
[BlackElo "1697"]
[PlyCount "84"]
[EventDate "2018.06.30"]
[EventType "swiss"]
[EventRounds "9"]
[EventCountry "CZE"]

1. d4 Nf6 2. Nf3 g6 3. Bf4 Bg7 4. c3 d5 5. h3 O-O 6. e3 c5 7. Bd3 Nc6 8. Nbd2 Nd7 9. O-O e5 10. dxe5 Ncxe5 11. Nxe5 Nxe5 12. Be2 Be6 13. Nb3 Qb6 14. Bxe5 Bxe5 15. Qd2 Rfd8 16. Rad1 a5 17. Qc1 a4 18. Nd2 Rac8 19. Nf3 Bf6 20. a3 d4 21. e4 dxc3 22. bxc3 c4 23. e5 Be7 24. Nd4 Qc5 25. f4 Qxa3 26. Qxa3 Bxa3 27. Ra1 Bc5 28. Rxa4 Bxd4+ 29. cxd4 Rxd4 30. Rb4 Bd5 31. Rd1 Rxd1+ 32. Bxd1 Ra8 33. Ba4 c3 34. Rd4 Rxa4 35. Rxa4 b5 36. Ra1 b4 37. Rc1 Kg7 38. Kf2 b3 39. Ke1 b2 40. Rxc3 b1=Q+ 41. Kd2 Bxg2 42. h4 Qe4 0-1

[Event "26th Klatovy B 2018"]
[Site "Klatovy CZE"]
[Date "2018.07.06"]
[Round "7.7"]
[White "Vavrinkova, Eliska"]
[Black "Pecka, Jan"]
[Result "1-0"]
[WhiteElo "1746"]
[BlackElo "1383"]
[PlyCount "51"]
[EventDate "2018.06.30"]
[EventType "swiss"]
[EventRounds "9"]
[EventCountry "CZE"]

1. d4 Nf6 2. Nf3 e6 3. c4 b6 4. Nc3 Bb7 5. Bg5 Bb4 6. Qc2 h6 7. Bh4 d5 8. e3 Nbd7 9. cxd5 Bxd5 10. Bd3 Bxf3 11. gxf3 c5 12. dxc5 Nxc5 13. Bb5+ Kf8 14. Rd1 Qe7 15. e4 g5 16. Bg3 Rd8 17. O-O Kg7 18. a3 Bxc3 19. Qxc3 Kg6 20. b4 Ncd7 21. Bd6 Qe8 22. Be5 Qe7 23. Bxd7 Nxd7 24. Bxh8 f6 25. Qc7 Qe8 26. Rd6 1-0

[Event "26th Klatovy B 2018"]
[Site "Klatovy CZE"]
[Date "2018.07.06"]
[Round "7.8"]
[White "Kovar, Vaclav 1953"]
[Black "Danko, Jiri"]
[Result "1/2-1/2"]
[WhiteElo "1688"]
[BlackElo "1954"]
[PlyCount "51"]
[EventDate "2018.06.30"]
[EventType "swiss"]
[EventRounds "9"]
[EventCountry "CZE"]

1. d4 Nf6 2. c4 g6 3. Nc3 Bg7 4. Nf3 O-O 5. g3 c6 6. Bg2 d6 7. O-O Qa5 8. Bd2 Qh5 9. e4 Bg4 10. Re1 e5 11. d5 Nbd7 12. b4 a5 13. b5 c5 14. Na4 b6 15. Qb3 Bxf3 16. Qxf3 Qxf3 17. Bxf3 h6 18. Nc3 Nh7 19. Bg2 f5 20. f4 exf4 21. gxf4 Bd4+ 22. Kh1 Rae8 23. Rac1 Nhf6 24. exf5 Bxc3 25. Bxc3 gxf5 26. Re6 1/2-1/2

[Event "26th Klatovy B 2018"]
[Site "Klatovy CZE"]
[Date "2018.07.06"]
[Round "7.9"]
[White "Jirasek, Jiri"]
[Black "Sova, Zdenek"]
[Result "1/2-1/2"]
[WhiteElo "1903"]
[BlackElo "1682"]
[PlyCount "66"]
[EventDate "2018.06.30"]
[EventType "swiss"]
[EventRounds "9"]
[EventCountry "CZE"]

1. d4 d5 2. c4 Nf6 3. Nf3 e6 4. Nc3 b6 5. cxd5 Nxd5 6. e4 Nxc3 7. bxc3 Bb7 8. Bd3 Be7 9. O-O O-O 10. Re1 c5 11. Bb2 Ba6 12. Bb1 c4 13. e5 Bb7 14. a4 Bd5 15. Bc1 Nc6 16. Qc2 g6 17. Bh6 Re8 18. Qe2 Rc8 19. Nd2 Bg5 20. Bxg5 Qxg5 21. Be4 Ne7 22. Rf1 Nf5 23. f4 Qd8 24. g4 Ne7 25. Rf3 Rf8 26. g5 Nf5 27. Rh3 Kg7 28. Rf3 Kh8 29. Rf2 Qd7 30. Bxd5 exd5 31. Nf3 Qe6 32. Rff1 Nd6 33. Nd2 Nf5 1/2-1/2

[Event "26th Klatovy B 2018"]
[Site "Klatovy CZE"]
[Date "2018.07.06"]
[Round "7.10"]
[White "Kirs, Pavel"]
[Black "Mejzr, Jan"]
[Result "0-1"]
[WhiteElo "1579"]
[BlackElo "1897"]
[PlyCount "74"]
[EventDate "2018.06.30"]
[EventType "swiss"]
[EventRounds "9"]
[EventCountry "CZE"]

1. e4 c5 2. Nf3 e6 3. d4 cxd4 4. Nxd4 a6 5. a3 Qc7 6. Nc3 b5 7. Be2 Bb7 8. f3 Nc6 9. Nxc6 Bxc6 10. Qd3 Bd6 11. g3 Ne7 12. Be3 Ng6 13. Rd1 Be7 14. f4 h5 15. O-O Qb7 16. b4 d6 17. Bd2 h4 18. g4 Rd8 19. h3 Bf6 20. Bf3 Rc8 21. Ne2 Be7 22. Nd4 Bd7 23. e5 Qc7 24. exd6 Bxd6 25. Be4 Nxf4 26. Bxf4 Bxf4 27. Qf3 g5 28. Ne2 e5 29. Qd3 Qb6+ 30. Kg2 Bc6 31. Nc3 Bxe4+ 32. Nxe4 Qc6 33. Qd7+ Qxd7 34. Nf6+ Ke7 35. Nxd7 Rxc2+ 36. Rf2 Rxf2+ 37. Kxf2 Rd8 0-1

[Event "26th Klatovy B 2018"]
[Site "Klatovy CZE"]
[Date "2018.07.06"]
[Round "7.11"]
[White "Vachal, Josef1"]
[Black "Privoznik, Lubos"]
[Result "1-0"]
[WhiteElo "1829"]
[BlackElo "1665"]
[PlyCount "85"]
[EventDate "2018.06.30"]
[EventType "swiss"]
[EventRounds "9"]
[EventCountry "CZE"]

1. e4 e6 2. d4 d5 3. e5 c5 4. c3 Nc6 5. Nf3 Qb6 6. Be2 Bd7 7. O-O Nh6 8. Na3 Nf5 9. Nc2 Rc8 10. g4 Nfe7 11. dxc5 Qxc5 12. Be3 Qa5 13. Ncd4 Ng6 14. Nxc6 Bxc6 15. Bd3 Qc7 16. Bd4 Nf4 17. Bc2 Be7 18. Qd2 Ng6 19. Rfe1 h5 20. g5 b6 21. b4 a5 22. a3 Bb5 23. Bxg6 fxg6 24. Nh4 O-O 25. Nxg6 Rf5 26. h4 Bd8 27. Nf4 Qf7 28. Ng2 Bc7 29. f4 a4 30. Rad1 Bc4 31. Qe3 Rb8 32. Rd2 g6 33. Rf2 Qf8 34. Qf3 Rf7 35. Ne3 b5 36. f5 Bb6 37. Bxb6 Rxb6 38. f6 Bb3 39. Ng2 Rc7 40. Nf4 Kf7 41. Nxg6 Kxg6 42. Qd3+ Kf7 43. Qh7+ 1-0

[Event "26th Klatovy B 2018"]
[Site "Klatovy CZE"]
[Date "2018.07.06"]
[Round "7.12"]
[White "Prazak, Daniel"]
[Black "Rezac, Jindrich"]
[Result "0-1"]
[WhiteElo "1364"]
[BlackElo "1806"]
[PlyCount "114"]
[EventDate "2018.06.30"]
[EventType "swiss"]
[EventRounds "9"]
[EventCountry "CZE"]

1. e4 d5 2. exd5 Qxd5 3. Nc3 Qa5 4. Bc4 Nf6 5. Nge2 Bf5 6. d3 c6 7. Bg5 Bxd3 8. cxd3 Qxg5 9. Bxf7+ Kd8 10. O-O Nbd7 11. Ne4 Nxe4 12. dxe4 Qf6 13. Qb3 Kc7 14. Rac1 e5 15. Rfd1 Rd8 16. Bc4 Bc5 17. Qg3 Rhf8 18. Rf1 h5 19. h4 Kb8 20. Nc3 Be7 21. Rcd1 Qxh4 22. Qxg7 Qf6 23. Qxf6 Nxf6 24. f3 Bc5+ 25. Kh2 h4 26. Rxd8+ Rxd8 27. Rd1 Rh8 28. Ne2 Kc7 29. a3 Bf2 30. b4 Nh5 31. Be6 Rd8 32. Rxd8 Kxd8 33. Ng1 Bg3+ 34. Kh1 Nf4 35. Bb3 Nd3 36. Nh3 Kd7 37. Kg1 Kd6 38. Ng5 b6 39. Nf7+ Kc7 40. Nh6 Nc1 41. Bc2 Ne2+ 42. Kf1 Nd4 43. Ba4 b5 44. Bd1 Kb6 45. Nf5 c5 46. bxc5+ Kxc5 47. Nxg3 hxg3 48. Ke1 Ne6 49. Ke2 Nf4+ 50. Kf1 a5 51. Bb3 b4 52. axb4+ Kxb4 53. Bf7 a4 54. Kg1 Kc3 55. Kf1 a3 56. Kg1 Kb2 57. Kh1 a2 0-1

[Event "26th Klatovy B 2018"]
[Site "Klatovy CZE"]
[Date "2018.07.06"]
[Round "7.13"]
[White "Lener, Jaroslav 1975"]
[Black "Dvorakova, Olga"]
[Result "1-0"]
[WhiteElo "1792"]
[BlackElo "1556"]
[PlyCount "95"]
[EventDate "2018.06.30"]
[EventType "swiss"]
[EventRounds "9"]
[EventCountry "CZE"]

1. Nf3 Nf6 2. d4 e6 3. Bg5 b6 4. Nbd2 Bb7 5. e4 h6 6. Bxf6 Qxf6 7. e5 Qd8 8. Bd3 d6 9. c3 Be7 10. Qe2 O-O 11. O-O-O Nd7 12. h4 c5 13. Ne4 d5 14. Ng3 c4 15. Bb1 Re8 16. Nh5 g6 17. Nf4 Bf8 18. Rh3 Bg7 19. Rg1 b5 20. g4 Nf8 21. Nh2 Nh7 22. Rhg3 Qxh4 23. Nf3 Qe7 24. g5 h5 25. Nh4 Nf8 26. Qc2 Bh8 27. Qe2 Rec8 28. Nxh5 gxh5 29. Qxh5 Bg7 30. g6 f5 31. exf6 Qxf6 32. Rf3 Qd8 33. Rf7 Rc7 34. Nf3 Rac8 35. Ng5 Qe8 36. Nh7 Rxf7 37. Nxf8 Kxf8 38. gxf7 Qxf7 39. Bg6 Qf4+ 40. Kb1 Rc7 41. Rg3 Qh6 42. Rf3+ Kg8 43. Bf7+ Kh8 44. Qg4 Qh7+ 45. Bg6 Qh1+ 46. Kc2 Kg8 47. Qxe6+ Kh8 48. Qe8+ 1-0

[Event "26th Klatovy B 2018"]
[Site "Klatovy CZE"]
[Date "2018.07.06"]
[Round "7.14"]
[White "Novotny, Jaromir"]
[Black "Zimovcak, Zdenek"]
[Result "1/2-1/2"]
[WhiteElo "1780"]
[BlackElo "1609"]
[PlyCount "22"]
[EventDate "2018.06.30"]
[EventType "swiss"]
[EventRounds "9"]
[EventCountry "CZE"]

1. e4 e5 2. Nf3 d6 3. Bc4 c6 4. d4 Qc7 5. dxe5 dxe5 6. O-O h6 7. Be3 Nf6 8. Nbd2 Be7 9. h3 O-O 10. Qe2 Nbd7 11. Nb3 b5 1/2-1/2

[Event "26th Klatovy B 2018"]
[Site "Klatovy CZE"]
[Date "2018.07.06"]
[Round "7.15"]
[White "Cyron, Karel"]
[Black "Sedlak, Jakub"]
[Result "0-1"]
[WhiteElo "1756"]
[BlackElo "1500"]
[PlyCount "84"]
[EventDate "2018.06.30"]
[EventType "swiss"]
[EventRounds "9"]
[EventCountry "CZE"]

1. e4 c5 2. Nf3 Nc6 3. d4 cxd4 4. Nxd4 Nf6 5. Nc3 e5 6. Ndb5 d6 7. Nd5 Nxd5 8. exd5 Ne7 9. c3 a6 10. Qa4 Kd7 11. Bc4 Ng6 12. Be3 Ke7 13. Qa3 axb5 14. Qxa8 bxc4 15. O-O Bd7 16. Qxb7 Qc8 17. Qa7 f5 18. a4 Kf7 19. a5 Be7 20. a6 Bd8 21. Qb7 Bc7 22. Ra3 Qxb7 23. axb7 Rb8 24. Ra7 f4 25. g3 fxe3 26. fxe3+ Ke7 27. Ra8 Rxb7 28. Rg8 Bb6 29. Rxg7+ Kd8 30. Kf2 Ne7 31. Ke2 Nxd5 32. Rf8+ Kc7 33. Rff7 Kc6 34. Rxh7 Bxe3 35. Kf3 Bc1 36. h4 Bxb2 37. g4 Bxc3 38. g5 Nf4 39. h5 Nxh5 40. Rxd7 Rxd7 41. Rxh5 Rg7 42. Ke4 Bd2 0-1

[Event "26th Klatovy B 2018"]
[Site "Klatovy CZE"]
[Date "2018.07.06"]
[Round "7.16"]
[White "Martinkova, Magdalena"]
[Black "Flajsman, Petr"]
[Result "0-1"]
[WhiteElo "1186"]
[BlackElo "1753"]
[PlyCount "86"]
[EventDate "2018.06.30"]
[EventType "swiss"]
[EventRounds "9"]
[EventCountry "CZE"]

1. e4 c5 2. Nf3 Nc6 3. d4 cxd4 4. Nxd4 a6 5. c4 g6 6. Nc3 Bg7 7. Be3 Nf6 8. Be2 O-O 9. O-O d6 10. f3 Bd7 11. Nd5 Nxd5 12. cxd5 Nxd4 13. Bxd4 Bxd4+ 14. Qxd4 Rc8 15. Rac1 Qa5 16. a3 Bb5 17. Bxb5 Qxb5 18. Qd2 Rc5 19. Rxc5 Qxc5+ 20. Qf2 Rc8 21. Qxc5 Rxc5 22. Rf2 Kg7 23. h3 Rc1+ 24. Kh2 Kf6 25. Kg3 Rc4 26. Kf4 g5+ 27. Kg4 Kg6 28. Kg3 h5 29. Re2 h4+ 30. Kh2 Kf6 31. g3 Ke5 32. g4 Kd4 33. Kg2 Kd3 34. Kf2 Rc2 35. Rxc2 Kxc2 36. b4 Kb3 37. Ke3 Kxa3 38. f4 f6 39. fxg5 fxg5 40. e5 dxe5 41. Ke4 Kxb4 42. Kxe5 a5 43. Ke6 Kc5 0-1

[Event "26th Klatovy B 2018"]
[Site "Klatovy CZE"]
[Date "2018.07.06"]
[Round "7.17"]
[White "Skutil, Frantisek"]
[Black "Macho, Miloslav"]
[Result "1/2-1/2"]
[WhiteElo "1336"]
[BlackElo "1710"]
[PlyCount "62"]
[EventDate "2018.06.30"]
[EventType "swiss"]
[EventRounds "9"]
[EventCountry "CZE"]

1. Nf3 d5 2. c4 d4 3. e3 dxe3 4. fxe3 Bg4 5. d4 e5 6. Be2 Bb4+ 7. Nc3 Bxc3+ 8. bxc3 e4 9. Ne5 Bxe2 10. Qxe2 Qh4+ 11. g3 Qh3 12. Rf1 f6 13. Qb2 Qc8 14. Qb5+ c6 15. Qc5 Nh6 16. Ba3 Qe6 17. Qb4 b6 18. O-O-O Nf7 19. Nxf7 Kxf7 20. d5 cxd5 21. cxd5 Qe5 22. Qc4 Nd7 23. Qc6 Nc5 24. Kc2 Rac8 25. Qb5 a6 26. Qb4 Nd7 27. Qd4 Rhe8 28. Kb3 Qh5 29. Rd2 Ne5 30. d6 Nd7 31. Qd5+ Qxd5+ 1/2-1/2

[Event "26th Klatovy B 2018"]
[Site "Klatovy CZE"]
[Date "2018.07.06"]
[Round "7.19"]
[White "Gerigk, Daniel"]
[Black "Juhanak, Daniel"]
[Result "1-0"]
[WhiteElo "1690"]
[BlackElo "1317"]
[PlyCount "87"]
[EventDate "2018.06.30"]
[EventType "swiss"]
[EventRounds "9"]
[EventCountry "CZE"]

1. e4 e6 2. d4 d5 3. Nc3 Bb4 4. e5 c5 5. a3 Bxc3+ 6. bxc3 Qa5 7. Bd2 Ne7 8. Qg4 Ng6 9. Nf3 c4 10. Be2 Qa4 11. Ra2 Nc6 12. h4 h5 13. Qg3 Bd7 14. Ng5 Nge7 15. O-O Nf5 16. Qf4 f6 17. Nf3 O-O-O 18. Rb1 g5 19. hxg5 fxg5 20. Nxg5 Rdf8 21. Qh2 Nh6 22. Qh3 Nf5 23. Bf4 Nfxd4 24. cxd4 Nxd4 25. Bd1 Rxf4 26. Qe3 Rh4 27. g3 Nb5 28. Qc5+ Bc6 29. gxh4 Rg8 30. c3 Qa6 31. Qe7 Re8 32. Qf6 Nxc3 33. Bxh5 Nxb1 34. Bxe8 Bxe8 35. Nxe6 Qa5 36. Qf5 Qe1+ 37. Kh2 Qe4 38. Ng7+ Qxf5 39. Nxf5 Bc6 40. Ne7+ Kd7 41. Nxc6 bxc6 42. h5 Ke6 43. h6 Kf7 44. e6+ 1-0

[Event "26th Klatovy B 2018"]
[Site "Klatovy CZE"]
[Date "2018.07.06"]
[Round "7.20"]
[White "Zednik, Zdenek"]
[Black "Vavrinkova, Anna"]
[Result "1-0"]
[WhiteElo "1913"]
[BlackElo "1463"]
[PlyCount "65"]
[EventDate "2018.06.30"]
[EventType "swiss"]
[EventRounds "9"]
[EventCountry "CZE"]

1. c4 c6 2. Nc3 d5 3. d4 Nf6 4. Nf3 e6 5. e3 Bb4 6. Bd2 O-O 7. Bd3 Nbd7 8. O-O Ba5 9. Qc2 h6 10. a3 Bc7 11. e4 dxe4 12. Nxe4 b6 13. Rad1 Bb7 14. Bc3 Nxe4 15. Bxe4 Nf6 16. Bd3 Bd6 17. b4 c5 18. dxc5 bxc5 19. bxc5 Bxf3 20. gxf3 Bxc5 21. Bh7+ Nxh7 22. Rxd8 Rfxd8 23. Bb4 Bb6 24. Rd1 Ng5 25. Kg2 Rxd1 26. Qxd1 Rd8 27. Qe2 Rd4 28. c5 Bc7 29. Qa6 Bf4 30. c6 Be5 31. Bc3 Rd5 32. Bxe5 Rxe5 33. f4 1-0

[Event "26th Klatovy B 2018"]
[Site "Klatovy CZE"]
[Date "2018.07.06"]
[Round "7.21"]
[White "Zak, Jiri1"]
[Black "Janous, Marek"]
[Result "1-0"]
[WhiteElo "1702"]
[BlackElo "1394"]
[PlyCount "109"]
[EventDate "2018.06.30"]
[EventType "swiss"]
[EventRounds "9"]
[EventCountry "CZE"]

1. d4 Nf6 2. c4 g6 3. Nc3 Bg7 4. e4 d6 5. Nf3 O-O 6. g3 e5 7. Bg2 Nc6 8. d5 Ne7 9. O-O Ne8 10. Ne1 f5 11. f4 fxe4 12. Bxe4 exf4 13. Rxf4 Rxf4 14. Bxf4 Nf6 15. Bf3 Nf5 16. Nc2 Bd7 17. Qd2 Qf8 18. Rf1 Bh6 19. Ne4 Bxf4 20. Qxf4 Nxe4 21. Bxe4 Qh6 22. Bxf5 Qxf4 23. Rxf4 Bxf5 24. Nd4 Rf8 25. Kf2 Bb1 26. Rxf8+ Kxf8 27. a3 Ke7 28. Ke3 a6 29. b4 Ba2 30. Kd3 Bb1+ 31. Kc3 Bf5 32. Nb3 h6 33. Na5 Bc8 34. c5 g5 35. Kd4 h5 36. a4 b6 37. Nc6+ Kd7 38. a5 dxc5+ 39. bxc5 b5 40. Ke5 Bb7 41. Nd4 Ke7 42. Nf5+ Kd7 43. c6+ Bxc6 44. dxc6+ Kxc6 45. Kd4 Kd7 46. Kc5 Kc8 47. Ng7 h4 48. g4 Kd7 49. h3 Ke7 50. Nf5+ Kd7 51. Nd4 Kd8 52. Nf3 Ke7 53. Nxg5 Kf6 54. Nf3 Ke6 55. Nxh4 1-0

[Event "26th Klatovy B 2018"]
[Site "Klatovy CZE"]
[Date "2018.07.06"]
[Round "7.22"]
[White "Vilimek, Vit"]
[Black "Krobot, Jan"]
[Result "0-1"]
[WhiteElo "1448"]
[BlackElo "1680"]
[PlyCount "162"]
[EventDate "2018.06.30"]
[EventType "swiss"]
[EventRounds "9"]
[EventCountry "CZE"]

1. e4 c5 2. Nf3 d6 3. d4 cxd4 4. Nxd4 Nf6 5. Nc3 a6 6. a4 b6 7. Bc4 e6 8. Be3 Be7 9. f3 Bb7 10. Qd2 O-O 11. g4 d5 12. exd5 Nxd5 13. Bxd5 Bxd5 14. Bf4 Bc5 15. O-O-O Nc6 16. Nxc6 Bxc6 17. Qe2 Qf6 18. Qc4 Bxf3 19. h4 Bxh1 20. Rxh1 Rfd8 21. Ne2 Qe7 22. g5 Rdc8 23. Qe4 b5 24. Nc3 Bb4 25. Na2 Bd6 26. Bd2 bxa4 27. Qxa4 Qb7 28. Rd1 Qb5 29. Nc3 Qxa4 30. Nxa4 Rab8 31. Be3 Be5 32. b3 Rd8 33. Re1 Bd4 34. Bf4 e5 35. Bxe5 Bxe5 36. Rxe5 Rd4 37. h5 Rbd8 38. c4 f6 39. Ra5 fxg5 40. Rxg5 Kf7 41. Ra5 R8d6 42. Nc5 Rh6 43. Nxa6 Rh4 44. c5 R4xh5 45. Nb8 Rf6 46. b4 Rh2 47. Ra7+ Ke6 48. Rd7 Rf1+ 49. Rd1 Rxd1+ 50. Kxd1 Rb2 51. Na6 Kd7 52. Kc1 Ra2 53. b5 Ra5 54. c6+ Kc8 55. Nc5 Rxb5 56. Ne6 g6 57. Nf8 Rh5 58. Kd2 Kc7 59. Ne6+ Kxc6 60. Nf4 Re5 61. Kd3 g5 62. Nh5 g4 63. Ng3 h5 64. Kd4 Kd6 65. Ne4+ Rxe4+ 66. Kxe4 g3 67. Kf3 h4 68. Kg2 Ke5 69. Kf3 Kf5 70. Kg2 Ke4 71. Kg1 Kf3 72. Kh1 h3 73. Kg1 h2+ 74. Kh1 g2+ 75. Kxh2 Kf2 76. Kh3 g1=Q 77. Kh4 Kf3 78. Kh5 Kf4 79. Kh6 Kf5 80. Kh7 Kf6 81. Kh8 Qg7# 0-1

[Event "26th Klatovy B 2018"]
[Site "Klatovy CZE"]
[Date "2018.07.06"]
[Round "7.23"]
[White "Soucek, Jan"]
[Black "Svec, Vitezslav"]
[Result "0-1"]
[WhiteElo "1440"]
[BlackElo "1632"]
[PlyCount "92"]
[EventDate "2018.06.30"]
[EventType "swiss"]
[EventRounds "9"]
[EventCountry "CZE"]

1. e4 d6 2. d4 Nf6 3. Nc3 Nbd7 4. Nf3 e5 5. Bc4 Be7 6. O-O c6 7. a4 a5 8. Re1 Qc7 9. h3 h6 10. Be3 Nf8 11. Qd2 g5 12. Rad1 Ng6 13. d5 c5 14. Bb5+ Bd7 15. Bxd7+ Qxd7 16. Nh2 Nf4 17. f3 h5 18. Kf2 h4 19. Nb5 N6h5 20. Ng4 Kf8 21. c3 Kg7 22. Qc2 Rhf8 23. Rd2 f5 24. exf5 Rxf5 25. Bxf4 Nxf4 26. Kg1 Raf8 27. Nf2 c4 28. Kh2 Bd8 29. Rdd1 Nxg2 30. Kxg2 Rxf3 31. Ng4 Rg3+ 32. Kh1 Rxh3+ 33. Nh2 g4 34. Rg1 g3 35. Rde1 Kh6 36. Re2 Qf5 37. Qxf5 Rxf5 38. Nxd6 Rf8 39. Nxb7 Bb6 40. Rd1 Bf2 41. Rxf2 Rxf2 42. Kg1 Rfxh2 43. Rf1 Rh1+ 44. Kg2 R3h2+ 45. Kf3 Rxf1+ 46. Ke4 Re2# 0-1

[Event "26th Klatovy B 2018"]
[Site "Klatovy CZE"]
[Date "2018.07.06"]
[Round "7.24"]
[White "Mykiska, Vojtech"]
[Black "Dubnicka, Augustin 2000"]
[Result "1/2-1/2"]
[WhiteElo "1576"]
[BlackElo "1659"]
[PlyCount "41"]
[EventDate "2018.06.30"]
[EventType "swiss"]
[EventRounds "9"]
[EventCountry "CZE"]

1. d4 d5 2. Bf4 Bf5 3. Nf3 e6 4. e3 Bd6 5. Bg3 Nf6 6. Nh4 Bg6 7. Be2 Ne4 8. Nd2 c6 9. Nxg6 hxg6 10. Nxe4 dxe4 11. Bxd6 Qxd6 12. h3 Qb4+ 13. c3 Qxb2 14. c4 Qc3+ 15. Kf1 O-O 16. Rb1 b6 17. Rb3 Qa5 18. Qc2 Nd7 19. g4 f5 20. Kg2 Nf6 21. Rg1 1/2-1/2

[Event "26th Klatovy B 2018"]
[Site "Klatovy CZE"]
[Date "2018.07.06"]
[Round "7.25"]
[White "Benes, Jachym"]
[Black "Rychtecky, Pavel"]
[Result "1-0"]
[WhiteElo "1386"]
[BlackElo "1547"]
[PlyCount "65"]
[EventDate "2018.06.30"]
[EventType "swiss"]
[EventRounds "9"]
[EventCountry "CZE"]

1. e4 e5 2. f4 d5 3. exd5 exf4 4. Nf3 Qxd5 5. d4 Bg4 6. Be2 Bd6 7. O-O Nf6 8. Nc3 Qe6 9. Bb5+ c6 10. Re1 cxb5 11. Rxe6+ fxe6 12. Nxb5 Kd7 13. Nxd6 Kxd6 14. Bxf4+ Ke7 15. Qd3 Nbd7 16. Re1 Nd5 17. Bg5+ Kf7 18. Ne5+ Nxe5 19. dxe5 Bf5 20. Rf1 Kg6 21. Qg3 Rhg8 22. Bh4+ Kf7 23. Qb3 Kg6 24. Qxb7 Rgb8 25. Qc6 Rc8 26. Qa4 Rxc2 27. Rxf5 Rxg2+ 28. Kxg2 Ne3+ 29. Kg1 Nxf5 30. Qg4+ Kf7 31. Qh5+ Kg8 32. Bf2 a5 33. Qd1 1-0

[Event "26th Klatovy B 2018"]
[Site "Klatovy CZE"]
[Date "2018.07.06"]
[Round "7.26"]
[White "Chmelik, Benedikt"]
[Black "Matejicek, Vojtech"]
[Result "0-1"]
[WhiteElo "1475"]
[BlackElo "1393"]
[PlyCount "38"]
[EventDate "2018.06.30"]
[EventType "swiss"]
[EventRounds "9"]
[EventCountry "CZE"]

1. e4 c5 2. Nf3 Nc6 3. d4 cxd4 4. Nxd4 e5 5. Nb3 Nf6 6. Nc3 Bb4 7. Bd3 d5 8. O-O d4 9. Ne2 Bg4 10. f3 Be6 11. Bg5 O-O 12. a3 Be7 13. Nd2 Qd6 14. Rb1 Rac8 15. Bc4 d3 16. Kh1 dxe2 17. Qxe2 Nd4 18. Qd3 Rfd8 19. Be3 Qc7 0-1

[Event "26th Klatovy B 2018"]
[Site "Klatovy CZE"]
[Date "2018.07.06"]
[Round "7.27"]
[White "Kotal, Vit"]
[Black "Beran, Jakub"]
[Result "1-0"]
[WhiteElo "1464"]
[BlackElo "1349"]
[PlyCount "55"]
[EventDate "2018.06.30"]
[EventType "swiss"]
[EventRounds "9"]
[EventCountry "CZE"]

1. e4 c5 2. Nf3 e6 3. d4 cxd4 4. Nxd4 a6 5. Nc3 Qc7 6. Be3 Nf6 7. Be2 Bb4 8. Bd2 Bxc3 9. Bxc3 Nxe4 10. Bb4 Nc6 11. Nxc6 bxc6 12. O-O Nf6 13. Qd4 d5 14. f4 a5 15. Bc5 Ba6 16. Rae1 Bxe2 17. Rxe2 Rg8 18. f5 Ne4 19. fxe6 fxe6 20. Rfe1 e5 21. Rxe4 dxe4 22. Rxe4 Kf7 23. Rxe5 Qd8 24. Rf5+ Ke8 25. Qe4+ Kd7 26. Rf7+ Kc8 27. Qxc6+ Kb8 28. Qb7# 1-0